Tratado de daños a las personas : Perjuicios económicos por muerte. 2 /

Fallecimiento de hijos. Hermanos. Concubinos. Valuación circunstanciada y matemática del resarcimiento. Liquidación de lucros y otros beneficios cesantes. Pérdida y estimación de chances. Compensación entre ventajas y el daño

Guardado en:
Autor Principal: Zavala de González, Matilde
Formato: Libro
Idioma:Spanish
Publicado: Buenos Aires : Astrea, 2008
Materias:
Etiquetas: Agregar Etiqueta
Sin Etiquetas, Sea el primero en etiquetar este registro!
LEADER 00740nam a22001575a 4500
001 DER.der009662
008 180615s2008####ag#||||||||||||||#||spa||
005 20251203152130.0
245 1 0 |a Tratado de daños a las personas :  |b Perjuicios económicos por muerte.  |n 2 /  |c Matilde Zavala de González. 
260 |a Buenos Aires :  |b Astrea,  |c 2008 
300 |a 357 p. 
520 |a Fallecimiento de hijos. Hermanos. Concubinos. Valuación circunstanciada y matemática del resarcimiento. Liquidación de lucros y otros beneficios cesantes. Pérdida y estimación de chances. Compensación entre ventajas y el daño 
020 |a 9789505088355 
100 1 |a Zavala de González, Matilde 
653 |a DERECHO CIVIL 
859 |a DERECHO  |b BIB. DERECHO  |h 346.2  |i ZAV  |p 006295  |3 2